Ιστορία της νεοελληνικής λογοτεχνίας : από τις πρώτες ρίζες ως την εποχή μας
Αποθηκεύτηκε σε:
| Κύριος συγγραφέας: | |
|---|---|
| Μορφή: | Βιβλίο |
| Γλώσσα: | Greek |
| Δημοσίευση: |
Αθήνα :
Ικαρος,
[1987]
|
| Έκδοση: | 8η έκδ. |
| Θέματα: | |
| Ετικέτες: |
Προσθήκη ετικέτας
Δεν υπάρχουν, Καταχωρήστε ετικέτα πρώτοι!
|
MARC
| LEADER | 00000cam a2200000 i 4500 | ||
|---|---|---|---|
| 001 | 1/70429 | ||
| 008 | 950608s1987 gr | ||| |||| ||gre|| | ||
| 035 | |a 1989 |b 3 |c Δωρεά |l 10030643 | ||
| 040 | |a GR-MY-UA |b gre |e aacr | ||
| 041 | 0 | |a gre | |
| 082 | 0 | |a 889.09 | |
| 100 | 1 | |a Δημαράς, Κωνσταντίνος Θ., |d 1904-1992. | |
| 245 | 1 | 0 | |a Ιστορία της νεοελληνικής λογοτεχνίας : |b από τις πρώτες ρίζες ως την εποχή μας / |c Κ.Θ. Δημαρά |
| 250 | |a 8η έκδ. | ||
| 260 | |a Αθήνα : |b Ικαρος, |c [1987] | ||
| 300 | |a 731 σ.; |c 23 εκ. | ||
| 650 | 0 | 0 | |a Greek literature, Modern |x History and criticism. |
| 650 | 0 | 0 | |a Authors, Greek (Modern) |x Biography. |
| 852 | |a INST |b LESVOS |e 19950608 |h 889.09 ΔΗΜ |p 005100005143 |q 005100005143 |t BK |y 0 | ||
| 852 | |a INST |b RHODES |e 19960301 |h 889.09 ΔΗΜ |p 005400002958 |q 005400002958 |t BK |y 0 | ||
| 909 | |a Ρ |b 014893 | ||
| 909 | |a Λ |b 020714 | ||